[Event "7th Francophone-ch 2019"]
[Site "Paris"]
[Date "2019.08.06"]
[Round "3.9"]
[White "Maisuradze, Nino"]
[Black "Nezad, Husein Aziz"]
[Result "1/2-1/2"]
[WhiteElo "2197"]
[BlackElo "2400"]
[Annotator "NA"]
[PlyCount "85"]
[EventDate "2019.08.04"]
[EventType "swiss"]
[EventCountry "FRA"]
[SourceTitle "playchess.com"]
[Source "ChessBase"]
[SourceQuality "1"]
[TimeControl "40/5400+30:1800+30"]

1. c4 {[%emt 0:01:52]} Nf6 {[%emt 0:02:54]} 2. g3 {[%emt 0:00:30]} c6 {[%emt 0:01:22]} 3. Bg2 {[%emt 0:00:44]} d5 {[%emt 0:00:11]} 4. d4 {[%emt 0:00:39]} Bf5 {[%emt 0:01:52]} 5. Qb3 {[%emt 0:03:07]} Qb6 {[%emt 0:01:50]} 6. Qxb6 {[%emt 0:02:10]} axb6 {[%emt 0:00:14]} 7. cxd5 {[%emt 0:00:32]} cxd5 {[%emt 0:04:21]} 8. Nc3 {[%emt 0:00:15]} e6 {[%emt 0:02:14]} 9. Bd2 {[%emt 0:01:49]} Nc6 {[%emt 0:00:53]} 10. Nf3 {[%emt 0:21:29]} Ne4 {[%emt 0:01:33]} 11. e3 {[%emt 0:04:38]} Nb4 {[%emt 0:12:45]} 12. O-O {[%emt 0:11:27]} Nd3 {[%emt 0:10:43]} 13. Nxe4 {[%emt 0:07:05]} Bxe4 {[%emt 0:00:03]} 14. Bc3 {[%emt 0:02:19]} b5 {[%emt 0:09:56]} 15. a3 {[%emt 0:00:40]} Bd6 {[%emt 0:08:21]} 16. Rfd1 {[%emt 0:04:13]} Ke7 {[%emt 0:05:50]} 17. Ne5 {[%emt 0:34:06]} Bxg2 {[%emt 0:06:45]} 18. Kxg2 {[%emt 0:00:38]} Nxe5 {[%emt 0:03:18]} 19. dxe5 {[%emt 0:00:01]} Bc5 {[%emt 0:01:01]} 20. Rac1 {[%emt 0:00:35]} Rhc8 {[%emt 0:01:14]} 21. Rd2 {[%emt 0:00:57]} Rc6 {[%emt 0:03:49]} 22. Rdc2 {[%emt 0:00:10]} Kd7 {[%emt 0:01:19]} 23. Kf3 {[%emt 0:00:45]} Rac8 {[%emt 0:04:41]} 24. Bd4 {[%emt 0:00:43]} Bxd4 {[%emt 0:12:45]} 25. Rxc6 {[%emt 0:00:01]} Rxc6 {[%emt 0:00:03]} 26. Rxc6 {[%emt 0:00:04]} Kxc6 {[%emt 0:00:10]} 27. exd4 {[%emt 0:00:01]} b4 {[%emt 0:00:06]} 28. a4 {[%emt 0:00:04]} b3 {[%emt 0:00:05]} 29. Ke3 {[%emt 0:00:07]} Kb6 {[%emt 0:00:05]} 30. Kd3 {[%emt 0:02:39]} Ka5 {[%emt 0:00:01]} 31. Kc3 {[%emt 0:00:36]} Kxa4 {[%emt 0:00:02]} 32. h4 {[%emt 0:00:22]} h6 {[%emt 0:03:27]} 33. f3 {[%emt 0:00:37]} g6 {[%emt 0:01:50]} 34. g4 {[%emt 0:00:14]} h5 {[%emt 0:00:38]} 35. g5 {[%emt 0:00:17]} b6 {[%emt 0:00:13]} 36. f4 {[%emt 0:00:04]} b5 {[%emt 0:00:36]} 37. Kd2 {[%emt 0:00:09]} Kb4 {[%emt 0:00:15]} 38. Kd3 {[%emt 0:00:03]} Ka5 {[%emt 0:00:19]} 39. Kc3 {[%emt 0:00:47]} b4+ {[%emt 0:00:02]} 40. Kd2 {[%emt 0:00:14]} Kb5 {[%emt 0:00:12]} 41. Kd3 {[%emt 0:30:02]} Kb6 {[%emt 0:30:24]} 42. Kd2 {[%emt 0:00:20]} Kb5 {[%emt 0:00:04]} 43. Kd3 {[%emt 0:00:01]} 1/2-1/2

[Event "7th Francophone-ch 2019"]
[Site "Paris"]
[Date "2019.08.06"]
[Round "3.10"]
[White "Ek, Alexandre"]
[Black "Okhotnik, Vladimir"]
[Result "0-1"]
[WhiteElo "2212"]
[BlackElo "2381"]
[Annotator "NA"]
[PlyCount "110"]
[EventDate "2019.08.04"]
[EventType "swiss"]
[EventCountry "FRA"]
[SourceTitle "playchess.com"]
[Source "ChessBase"]
[SourceQuality "1"]
[TimeControl "40/5400+30:1800+30"]

1. e4 {[%emt 0:04:46]} d6 {[%emt 0:00:00]} 2. d4 {[%emt 0:00:17]} Nf6 {[%emt 0:00:00]} 3. Nc3 {[%emt 0:00:56]} e5 {[%emt 0:00:00]} 4. Nf3 {[%emt 0:01:07]} Nbd7 {[%emt 0:00:02]} 5. Bc4 {[%emt 0:01:55]} Be7 {[%emt 0:00:08]} 6. O-O {[%emt 0:03:14]} O-O {[%emt 0:00:06]} 7. a4 {[%emt 0:06:12]} a5 {[%emt 0:00:13]} 8. Re1 {[%emt 0:07:02]} exd4 {[%emt 0:00:12]} 9. Qxd4 {[%emt 0:08:25]} Ne5 {[%emt 0:00:19]} 10. Nxe5 {[%emt 0:11:22]} dxe5 {[%emt 0:00:06]} 11. Qxd8 {[%emt 0:03:53]} Rxd8 {[%emt 0:02:47]} 12. Bg5 {[%emt 0:12:47]} c6 {[%emt 0:02:13]} 13. Rad1 {[%emt 0:01:40]} Kf8 {[%emt 0:05:58]} 14. Rxd8+ {[%emt 0:02:42]} Bxd8 {[%emt 0:01:35]} 15. Rd1 {[%emt 0:00:20]} Bb6 {[%emt 0:00:52]} 16. Bxf6 {[%emt 0:04:35]} gxf6 {[%emt 0:00:06]} 17. Ne2 {[%emt 0:02:14]} f5 {[%emt 0:03:35]} 18. Ng3 {[%emt 0:03:42]} fxe4 {[%emt 0:01:12]} 19. Nxe4 {[%emt 0:01:21]} Bf5 {[%emt 0:01:41]} 20. Re1 {[%emt 0:02:56]} Rd8 {[%emt 0:00:45]} 21. Bd3 {[%emt 0:00:07]} Bg6 {[%emt 0:02:14]} 22. g4 {[%emt 0:02:54]} Rd4 {[%emt 0:00:18]} 23. b3 {[%emt 0:00:11]} Ke7 {[%emt 0:02:05]} 24. g5 {[%emt 0:07:49]} h6 {[%emt 0:01:45]} 25. h4 {[%emt 0:01:28]} hxg5 {[%emt 0:01:44]} 26. hxg5 {[%emt 0:00:03]} Rd8 {[%emt 0:01:01]} 27. Kg2 {[%emt 0:01:16]} Rh8 {[%emt 0:02:45]} 28. Nd2 {[%emt 0:03:57]} Bxd3 {[%emt 0:02:37]} 29. cxd3 {[%emt 0:00:04]} Bc7 {[%emt 0:02:36]} 30. d4 {[%emt 0:03:29]} f6 {[%emt 0:06:12]} 31. f4 {[%emt 0:02:04]} fxg5 {[%emt 0:07:19]} 32. fxg5 {[%emt 0:00:02]} b5 {[%emt 0:06:16]} 33. axb5 {[%emt 0:00:55]} cxb5 {[%emt 0:00:03]} 34. dxe5 {[%emt 0:00:36]} Rd8 {[%emt 0:01:20]} 35. Nf3 {[%emt 0:00:33]} Rd3 {[%emt 0:00:06]} 36. Rb1 {[%emt 0:00:33]} Ke6 {[%emt 0:00:48]} 37. g6 {[%emt 0:00:23]} Rd7 {[%emt 0:00:09]} 38. Re1 {[%emt 0:00:33]} Bd8 {[%emt 0:01:39]} 39. Kf2 {[%emt 0:00:32]} Bb6+ {[%emt 0:01:52]} 40. Ke2 {[%emt 0:00:28]} Rg7 {[%emt 0:02:31]} 41. Rd1 {[%emt 0:10:52]} Bc5 {[%emt 0:00:05]} 42. Rc1 {[%emt 0:01:34]} Kd5 {[%emt 0:00:51]} 43. Rd1+ {[%emt 0:01:38]} Kc6 {[%emt 0:00:29]} 44. e6 {[%emt 0:02:46]} a4 {[%emt 0:03:14]} 45. Ne5+ {[%emt 0:01:53]} Kc7 {[%emt 0:01:37]} 46. Rc1 {[%emt 0:09:57]} Kd6 {[%emt 0:01:10]} 47. Nf7+ {[%emt 0:01:09]} Kd5 {[%emt 0:00:50]} 48. bxa4 {[%emt 0:02:26]} bxa4 {[%emt 0:00:25]} 49. Ne5 {[%emt 0:02:18]} a3 {[%emt 0:01:06]} 50. Nd7 {[%emt 0:00:30]} Bd4 {[%emt 0:00:29]} 51. Rc2 {[%emt 0:00:30]} Rxg6 {[%emt 0:00:25]} 52. Kf3 {[%emt 0:00:31]} Rxe6 {[%emt 0:00:08]} 53. Rd2 {[%emt 0:00:30]} Ra6 {[%emt 0:02:37]} 54. Ra2 {[%emt 0:00:20]} Bb2 {[%emt 0:00:26]} 55. Nb8 {[%emt 0:00:32]} Rd6 {[%emt 0:00:14]} 0-1

[Event "7th Francophone-ch 2019"]
[Site "Paris"]
[Date "2019.08.07"]
[Round "4.1"]
[White "Shchekachev, Andrei"]
[Black "Macon, Arthur"]
[Result "1/2-1/2"]
[WhiteElo "2531"]
[BlackElo "2270"]
[Annotator "ChessBase"]
[PlyCount "92"]
[EventDate "2019.08.04"]
[EventType "swiss"]
[EventCountry "FRA"]
[SourceTitle "playchess.com"]
[Source "ChessBase"]
[SourceQuality "1"]
[TimeControl "40/5400+30:1800+30"]

1. Nf3 {[%emt 0:12:02]} Nf6 {[%emt 0:00:00]} 2. c4 {[%emt 0:03:03]} e6 {[%emt 0:00:19]} 3. Nc3 {[%emt 0:00:38]} d5 {[%emt 0:00:17]} 4. d4 {[%emt 0:00:12]} c5 {[%emt 0:00:28]} 5. cxd5 {[%emt 0:00:49]} Nxd5 {[%emt 0:00:15]} 6. e4 {[%emt 0:07:40]} Nxc3 {[%emt 0:00:27]} 7. bxc3 {[%emt 0:00:02]} cxd4 {[%emt 0:00:13]} 8. cxd4 {[%emt 0:00:01]} Bb4+ {[%emt 0:00:14]} 9. Bd2 {[%emt 0:00:01]} Bxd2+ {[%emt 0:00:14]} 10. Qxd2 {[%emt 0:00:02]} O-O {[%emt 0:00:20]} 11. Rc1 {[%emt 0:00:05]} b6 {[%emt 0:05:32]} 12. Bd3 {[%emt 0:00:13]} Bb7 {[%emt 0:02:37]} 13. Qe3 {[%emt 0:00:52]} Nd7 {[%emt 0:04:09]} 14. e5 {[%emt 0:00:18]} Bxf3 {[%emt 0:16:18]} 15. Qxf3 {[%emt 0:04:14]} Qh4 {[%emt 0:02:06]} 16. Qe3 {[%emt 0:08:12]} Rfd8 {[%emt 0:03:36]} 17. O-O {[%emt 0:10:10]} Rac8 {[%emt 0:07:20]} 18. f4 {[%emt 0:11:26]} Nf8 {[%emt 0:07:36]} 19. Rxc8 {[%emt 0:09:12]} Rxc8 {[%emt 0:00:17]} 20. f5 {[%emt 0:00:02]} exf5 {[%emt 0:15:35]} 21. Bxf5 {[%emt 0:02:41]} Rd8 {[%emt 0:01:06]} 22. d5 {[%emt 0:12:06]} Qe7 {[%emt 0:06:44]} 23. e6 {[%emt 0:05:16]} fxe6 {[%emt 0:01:26]} 24. dxe6 {[%emt 0:00:04]} Re8 {[%emt 0:02:09]} 25. Kh1 {[%emt 0:03:08]} Ng6 {[%emt 0:05:41]} 26. Bc2 {[%emt 0:03:12]} Rf8 {[%emt 0:01:55]} 27. Rd1 {[%emt 0:04:19]} Rd8 {[%emt 0:04:53]} 28. Re1 {[%emt 0:00:02]} Rf8 {[%emt 0:02:23]} 29. Bb3 {[%emt 0:00:35]} Kh8 {[%emt 0:00:32]} 30. g3 {[%emt 0:01:52]} Re8 {[%emt 0:02:18]} 31. Qe4 {[%emt 0:01:24]} Rf8 {[%emt 0:01:41]} 32. Kg1 {[%emt 0:01:15]} Qc5+ {[%emt 0:00:19]} 33. Qe3 {[%emt 0:00:30]} Qe7 {[%emt 0:01:06]} 34. h4 {[%emt 0:00:29]} Re8 {[%emt 0:04:33]} 35. Rf1 {[%emt 0:00:32]} Rf8 {[%emt 0:00:20]} 36. Rc1 {[%emt 0:00:35]} Qf6 {[%emt 0:00:44]} 37. Re1 {[%emt 0:00:34]} Ne7 {[%emt 0:00:31]} 38. Bc4 {[%emt 0:00:30]} Qb2 {[%emt 0:01:29]} 39. Re2 {[%emt 0:00:33]} Qb1+ {[%emt 0:00:31]} 40. Re1 {[%emt 0:00:01]} Qb2 {[%emt 0:00:32]} 41. Bb3 {[%emt 0:06:17]} Qf6 {[%emt 0:02:00]} 42. Rd1 {[%emt 0:12:52]} Qb2 {[%emt 0:06:01]} 43. Qd2 {[%emt 0:09:59]} Qe5 {[%emt 0:02:14]} 44. Qg5 {[%emt 0:01:38]} Qe2 {[%emt 0:02:37]} 45. Qxe7 {[%emt 0:01:00]} Qf2+ {[%emt 0:00:20]} 46. Kh1 {[%emt 0:00:04]} Qf3+ {[%emt 0:00:06]} 1/2-1/2

[Event "7th Francophone-ch 2019"]
[Site "Paris"]
[Date "2019.08.07"]
[Round "4.2"]
[White "Flom, Gabriel"]
[Black "Defromont, Benjamin"]
[Result "1/2-1/2"]
[WhiteElo "2494"]
[BlackElo "2245"]
[Annotator "ChessBase"]
[PlyCount "128"]
[EventDate "2019.08.04"]
[EventType "swiss"]
[EventCountry "FRA"]
[SourceTitle "playchess.com"]
[Source "ChessBase"]
[SourceQuality "1"]
[TimeControl "40/5400+30:1800+30"]

1. d4 {[%emt 0:00:00]} Nf6 {[%emt 0:00:00]} 2. c4 {[%emt 0:00:00]} e6 {[%emt 0:00:00]} 3. Nc3 {[%emt 0:00:00]} Bb4 {[%emt 0:00:07]} 4. e3 {[%emt 0:02:06]} O-O {[%emt 0:00:13]} 5. Bd3 {[%emt 0:00:02]} c5 {[%emt 0:01:16]} 6. Nge2 {[%emt 0:00:14]} d5 {[%emt 0:00:21]} 7. cxd5 {[%emt 0:01:51]} cxd4 {[%emt 0:00:20]} 8. exd4 {[%emt 0:02:03]} Nxd5 {[%emt 0:00:15]} 9. O-O {[%emt 0:00:20]} Nc6 {[%emt 0:04:11]} 10. Nxd5 {[%emt 0:10:58]} Qxd5 {[%emt 0:03:49]} 11. Bf4 {[%emt 0:03:36]} g6 {[%emt 0:11:42]} 12. a3 {[%emt 0:07:50]} Be7 {[%emt 0:01:37]} 13. Be3 {[%emt 0:10:48]} Bf6 {[%emt 0:09:39]} 14. Rc1 {[%emt 0:00:27]} Rd8 {[%emt 0:04:07]} 15. Bc4 {[%emt 0:00:49]} Qd6 {[%emt 0:04:24]} 16. Qc2 {[%emt 0:19:17]} Nxd4 {[%emt 0:12:27]} 17. Nxd4 {[%emt 0:00:05]} Bxd4 {[%emt 0:00:05]} 18. Bxd4 {[%emt 0:00:01]} Qxd4 {[%emt 0:00:06]} 19. Rfd1 {[%emt 0:00:02]} Qb6 {[%emt 0:02:02]} 20. Rxd8+ {[%emt 0:00:05]} Qxd8 {[%emt 0:00:04]} 21. Rd1 {[%emt 0:00:02]} Qc7 {[%emt 0:05:31]} 22. Bb3 {[%emt 0:04:33]} Qxc2 {[%emt 0:08:29]} 23. Rd8+ {[%emt 0:01:12]} Kg7 {[%emt 0:00:03]} 24. Bxc2 {[%emt 0:00:02]} Kf6 {[%emt 0:00:56]} 25. f4 {[%emt 0:02:47]} Ke7 {[%emt 0:03:03]} 26. Rh8 {[%emt 0:00:07]} h5 {[%emt 0:00:20]} 27. Kf2 {[%emt 0:05:14]} Kd7 {[%emt 0:10:29]} 28. Ke3 {[%emt 0:00:17]} a5 {[%emt 0:02:56]} 29. Ba4+ {[%emt 0:02:04]} Kd6 {[%emt 0:02:48]} 30. Bc2 {[%emt 0:01:44]} Kd7 {[%emt 0:05:54]} 31. Kd4 {[%emt 0:02:02]} a4 {[%emt 0:02:59]} 32. Rh7 {[%emt 0:00:51]} Ke8 {[%emt 0:03:08]} 33. Ke5 {[%emt 0:10:31]} Ra6 {[%emt 0:00:12]} 34. Rh8+ {[%emt 0:01:46]} Kd7 {[%emt 0:00:07]} 35. Rf8 {[%emt 0:00:09]} f5 {[%emt 0:00:45]} 36. Rg8 {[%emt 0:03:07]} Kc7 {[%emt 0:00:55]} 37. Rxg6 {[%emt 0:00:23]} Bd7 {[%emt 0:00:33]} 38. Rg7 {[%emt 0:04:28]} Kd8 {[%emt 0:00:35]} 39. Bd1 {[%emt 0:03:05]} h4 {[%emt 0:00:36]} 40. g4 {[%emt 0:01:53]} fxg4 {[%emt 0:02:08]} 41. Rxg4 {[%emt 0:30:13]} Ra5+ {[%emt 0:07:55]} 42. Kf6 {[%emt 0:00:00]} Rf5+ {[%emt 0:00:58]} 43. Kg7 {[%emt 0:00:00]} h3 {[%emt 0:01:03]} 44. Rh4 {[%emt 0:00:00]} e5 {[%emt 0:03:02]} 45. fxe5 {[%emt 0:00:00]} Rxe5 {[%emt 0:00:15]} 46. Kf6 {[%emt 0:00:00]} Rf5+ {[%emt 0:03:07]} 47. Kg6 {[%emt 0:00:00]} Rf2 {[%emt 0:00:22]} 48. Bxa4 {[%emt 0:00:00]} Bxa4 {[%emt 0:01:58]} 49. Rxa4 {[%emt 0:00:00]} Rxh2 {[%emt 0:01:02]} 50. Rh4 {[%emt 0:00:00]} Rg2+ {[%emt 0:01:14]} 51. Kf5 {[%emt 0:00:00]} h2 {[%emt 0:00:15]} 52. b4 {[%emt 0:00:00]} Kc7 {[%emt 0:00:57]} 53. Rh6 {[%emt 0:00:00]} Ra2 {[%emt 0:00:18]} 54. Ke5 {[%emt 0:00:00]} Rxa3 {[%emt 0:00:13]} 55. Rxh2 {[%emt 0:00:00]} Kb6 {[%emt 0:03:27]} 56. Rh7 {[%emt 0:00:00]} Ra4 {[%emt 0:00:31]} 57. Kd4 {[%emt 0:00:00]} Rxb4+ {[%emt 0:00:04]} 58. Kc3 {[%emt 0:00:00]} Rg4 {[%emt 0:00:08]} 59. Rh5 {[%emt 0:00:00]} Kc6 {[%emt 0:00:12]} 60. Kb3 {[%emt 0:00:00]} Rd4 {[%emt 0:00:10]} 61. Kc3 {[%emt 0:00:00]} Rd5 {[%emt 0:00:10]} 62. Rh7 {[%emt 0:00:00]} Rg5 {[%emt 0:00:18]} 63. Kb4 {[%emt 0:00:00]} Rg4+ {[%emt 0:00:08]} 64. Kb3 {[%emt 0:00:00]} b5 {[%emt 0:00:10]} 1/2-1/2

[Event "7th Francophone-ch 2019"]
[Site "Paris"]
[Date "2019.08.07"]
[Round "4.3"]
[White "Bergez, Luc"]
[Black "Rakotomaharo, Fy Antenaina"]
[Result "1-0"]
[WhiteElo "2308"]
[BlackElo "2419"]
[Annotator "NA"]
[PlyCount "149"]
[EventDate "2019.08.04"]
[EventType "swiss"]
[EventCountry "FRA"]
[SourceTitle "playchess.com"]
[Source "ChessBase"]
[SourceQuality "1"]
[TimeControl "40/5400+30:1800+30"]

1. e4 {[%emt 0:00:00]} c5 {[%emt 0:00:00]} 2. d3 {[%emt 0:00:00]} d5 {[%emt 0:00:00]} 3. exd5 {[%emt 0:00:36]} Qxd5 {[%emt 0:00:00]} 4. Nc3 {[%emt 0:01:29]} Qd8 {[%emt 0:00:00]} 5. Nf3 {[%emt 0:06:40]} Nc6 {[%emt 0:00:11]} 6. g3 {[%emt 0:01:44]} Nf6 {[%emt 0:00:05]} 7. Bg2 {[%emt 0:00:15]} e6 {[%emt 0:00:04]} 8. O-O {[%emt 0:01:35]} Be7 {[%emt 0:00:28]} 9. Bf4 {[%emt 0:04:09]} O-O {[%emt 0:00:45]} 10. Re1 {[%emt 0:05:49]} a6 {[%emt 0:08:57]} 11. a4 {[%emt 0:04:43]} Nb4 {[%emt 0:08:34]} 12. Ne5 {[%emt 0:03:02]} Nfd5 {[%emt 0:02:41]} 13. Bd2 {[%emt 0:07:15]} Bf6 {[%emt 0:03:29]} 14. a5 {[%emt 0:03:45]} Rb8 {[%emt 0:11:03]} 15. Nc4 {[%emt 0:01:23]} Bd7 {[%emt 0:07:46]} 16. Ne4 {[%emt 0:03:46]} Be7 {[%emt 0:02:17]} 17. Ne5 {[%emt 0:02:46]} Be8 {[%emt 0:03:56]} 18. f4 {[%emt 0:12:28]} f6 {[%emt 0:10:07]} 19. Nc4 {[%emt 0:00:51]} Bf7 {[%emt 0:00:03]} 20. Nf2 {[%emt 0:05:11]} Nc7 {[%emt 0:04:13]} 21. Be4 {[%emt 0:08:34]} Nb5 {[%emt 0:01:45]} 22. c3 {[%emt 0:01:23]} Nd5 {[%emt 0:09:35]} 23. Bg2 {[%emt 0:02:37]} Nd6 {[%emt 0:03:59]} 24. Ne4 {[%emt 0:01:01]} Nb5 {[%emt 0:00:31]} 25. Qf3 {[%emt 0:01:55]} Qc7 {[%emt 0:00:43]} 26. Re2 {[%emt 0:01:02]} Na7 {[%emt 0:03:24]} 27. Be1 {[%emt 0:00:53]} e5 {[%emt 0:05:43]} 28. fxe5 {[%emt 0:02:15]} fxe5 {[%emt 0:00:01]} 29. Bd2 {[%emt 0:05:20]} Be8 {[%emt 0:08:58]} 30. Qg4 {[%emt 0:00:30]} Bd7 {[%emt 0:00:04]} 31. Qh5 {[%emt 0:00:18]} Nc6 {[%emt 0:01:54]} 32. Rf2 {[%emt 0:03:30]} Rxf2 {[%emt 0:00:58]} 33. Nxf2 {[%emt 0:00:07]} Nf6 {[%emt 0:01:24]} 34. Qe2 {[%emt 0:00:15]} Be6 {[%emt 0:01:50]} 35. Nxe5 {[%emt 0:06:16]} Nxe5 {[%emt 0:01:00]} 36. d4 {[%emt 0:01:48]} cxd4 {[%emt 0:00:53]} 37. cxd4 {[%emt 0:00:07]} Bc4 {[%emt 0:00:36]} 38. Qxe5 {[%emt 0:00:15]} Bd6 {[%emt 0:00:10]} 39. Qg5 {[%emt 0:00:34]} Re8 {[%emt 0:00:16]} 40. Rc1 {[%emt 0:02:01]} Qf7 {[%emt 0:00:09]} 41. Ng4 {[%emt 0:05:07]} Nxg4 {[%emt 0:03:56]} 42. Qxg4 {[%emt 0:04:12]} Rf8 {[%emt 0:00:09]} 43. Bf4 {[%emt 0:03:17]} Bb4 {[%emt 0:06:06]} 44. d5 {[%emt 0:02:14]} Bxd5 {[%emt 0:09:05]} 45. Rc7 {[%emt 0:01:03]} Be6 {[%emt 0:00:03]} 46. Rxf7 {[%emt 0:03:05]} Bxg4 {[%emt 0:00:13]} 47. Rxb7 {[%emt 0:00:29]} Bc5+ {[%emt 0:01:31]} 48. Kh1 {[%emt 0:00:11]} Rd8 {[%emt 0:00:03]} 49. Rb8 {[%emt 0:02:50]} Rxb8 {[%emt 0:04:11]} 50. Bxb8 {[%emt 0:00:02]} Bb4 {[%emt 0:00:47]} 51. Bd5+ {[%emt 0:02:16]} Kf8 {[%emt 0:00:05]} 52. Bc7 {[%emt 0:00:12]} Be2 {[%emt 0:00:23]} 53. Kg2 {[%emt 0:00:18]} Ke7 {[%emt 0:01:38]} 54. Kf2 {[%emt 0:00:43]} Bb5 {[%emt 0:00:06]} 55. Ke3 {[%emt 0:01:20]} Kd7 {[%emt 0:05:00]} 56. Bb6 {[%emt 0:00:15]} Be1 {[%emt 0:00:14]} 57. Be4 {[%emt 0:01:10]} h6 {[%emt 0:02:00]} 58. Bd4 {[%emt 0:01:51]} g5 {[%emt 0:00:16]} 59. Bc3 {[%emt 0:00:18]} Bxc3 {[%emt 0:00:17]} 60. bxc3 {[%emt 0:00:02]} Kc7 {[%emt 0:03:04]} 61. Kd4 {[%emt 0:00:27]} Bd7 {[%emt 0:00:13]} 62. Ke5 {[%emt 0:03:03]} h5 {[%emt 0:01:52]} 63. h4 {[%emt 0:01:34]} gxh4 {[%emt 0:00:27]} 64. gxh4 {[%emt 0:00:06]} Bg4 {[%emt 0:01:04]} 65. Kd5 {[%emt 0:01:13]} Be2 {[%emt 0:00:22]} 66. Kc5 {[%emt 0:00:11]} Bg4 {[%emt 0:00:29]} 67. Bd3 {[%emt 0:00:23]} Kb7 {[%emt 0:00:08]} 68. Kd6 {[%emt 0:00:08]} Bf3 {[%emt 0:00:23]} 69. Bf5 {[%emt 0:00:38]} Kb8 {[%emt 0:00:06]} 70. c4 {[%emt 0:00:13]} Bg4 {[%emt 0:01:24]} 71. Bd7 {[%emt 0:00:19]} Bf3 {[%emt 0:00:22]} 72. c5 {[%emt 0:00:10]} Bb7 {[%emt 0:00:33]} 73. c6 {[%emt 0:01:19]} Bc8 {[%emt 0:00:00]} 74. Bxc8 {[%emt 0:00:20]} Kxc8 {[%emt 0:00:07]} 75. c7 {[%emt 0:00:11]} 1-0

[Event "7th Francophone-ch 2019"]
[Site "Paris"]
[Date "2019.08.07"]
[Round "4.4"]
[White "Okhotnik, Vladimir"]
[Black "Haie, Arnaud"]
[Result "1-0"]
[WhiteElo "2381"]
[BlackElo "2130"]
[Annotator "NA"]
[PlyCount "139"]
[EventDate "2019.08.04"]
[EventType "swiss"]
[EventCountry "FRA"]
[SourceTitle "playchess.com"]
[Source "ChessBase"]
[SourceQuality "1"]
[TimeControl "40/5400+30:1800+30"]

1. e4 {[%emt 0:00:00]} c5 {[%emt 0:00:00]} 2. Nf3 {[%emt 0:00:00]} e6 {[%emt 0:00:00]} 3. c3 {[%emt 0:00:13]} Nf6 {[%emt 0:00:29]} 4. e5 {[%emt 0:00:13]} Nd5 {[%emt 0:00:14]} 5. g3 {[%emt 0:00:18]} Nc6 {[%emt 0:00:37]} 6. Bg2 {[%emt 0:00:14]} d6 {[%emt 0:01:03]} 7. exd6 {[%emt 0:00:07]} Bxd6 {[%emt 0:00:16]} 8. d4 {[%emt 0:00:06]} O-O {[%emt 0:01:26]} 9. O-O {[%emt 0:00:04]} Bd7 {[%emt 0:02:00]} 10. dxc5 {[%emt 0:01:52]} Bxc5 {[%emt 0:01:45]} 11. Nbd2 {[%emt 0:00:03]} Qc7 {[%emt 0:22:49]} 12. Ne4 {[%emt 0:13:07]} Be7 {[%emt 0:00:30]} 13. c4 {[%emt 0:02:27]} Nf6 {[%emt 0:03:58]} 14. Bf4 {[%emt 0:09:44]} Qd8 {[%emt 0:21:13]} 15. Qe2 {[%emt 0:03:02]} Qb6 {[%emt 0:10:31]} 16. Rfd1 {[%emt 0:01:33]} Rfd8 {[%emt 0:01:07]} 17. Nd6 {[%emt 0:07:43]} Be8 {[%emt 0:02:27]} 18. Nxe8 {[%emt 0:06:12]} Nxe8 {[%emt 0:01:32]} 19. b3 {[%emt 0:05:48]} Bc5 {[%emt 0:11:34]} 20. Bg5 {[%emt 0:00:27]} Rd6 {[%emt 0:02:04]} 21. Rxd6 {[%emt 0:01:30]} Nxd6 {[%emt 0:00:19]} 22. Rd1 {[%emt 0:00:17]} Nf5 {[%emt 0:01:47]} 23. g4 {[%emt 0:02:02]} Nfe7 {[%emt 0:04:27]} 24. Bh4 {[%emt 0:03:01]} Ng6 {[%emt 0:00:49]} 25. Bg3 {[%emt 0:00:18]} Rd8 {[%emt 0:00:14]} 26. h4 {[%emt 0:03:19]} h6 {[%emt 0:02:00]} 27. h5 {[%emt 0:00:19]} Nf8 {[%emt 0:00:33]} 28. Rxd8 {[%emt 0:01:02]} Qxd8 {[%emt 0:00:10]} 29. Ne5 {[%emt 0:01:52]} Nd4 {[%emt 0:02:46]} 30. Qe4 {[%emt 0:00:46]} b6 {[%emt 0:00:32]} 31. Kh2 {[%emt 0:01:59]} f5 {[%emt 0:03:22]} 32. Qb7 {[%emt 0:03:24]} Qf6 {[%emt 0:00:47]} 33. Nd3 {[%emt 0:04:37]} fxg4 {[%emt 0:01:23]} 34. b4 {[%emt 0:00:47]} Be7 {[%emt 0:00:32]} 35. Qxa7 {[%emt 0:01:02]} Qf7 {[%emt 0:01:10]} 36. Nf4 {[%emt 0:00:58]} Bxb4 {[%emt 0:00:55]} 37. Qxb6 {[%emt 0:00:07]} Bc3 {[%emt 0:00:11]} 38. Qd8 {[%emt 0:01:13]} Qf5 {[%emt 0:00:47]} 39. Qa8 {[%emt 0:01:15]} Bd2 {[%emt 0:00:33]} 40. Be4 {[%emt 0:03:42]} Qf6 {[%emt 0:00:34]} 41. Ng6 {[%emt 0:31:07]} Bb4 {[%emt 0:03:47]} 42. Qb8 {[%emt 0:00:00]} Bc5 {[%emt 0:01:43]} 43. Qc7 {[%emt 0:00:00]} Qg5 {[%emt 0:06:22]} 44. Qe5 {[%emt 0:00:00]} Nd7 {[%emt 0:09:59]} 45. Qxg5 {[%emt 0:00:00]} hxg5 {[%emt 0:00:02]} 46. Ne5 {[%emt 0:00:00]} Nf6 {[%emt 0:00:56]} 47. Bg6 {[%emt 0:00:00]} Bd6 {[%emt 0:02:24]} 48. Nd3 {[%emt 0:00:00]} e5 {[%emt 0:01:36]} 49. Kg2 {[%emt 0:00:00]} Nf3 {[%emt 0:01:03]} 50. a4 {[%emt 0:00:00]} Bc7 {[%emt 0:00:00]} 51. Bf5 {[%emt 0:00:00]} e4 {[%emt 0:04:42]} 52. Bxc7 {[%emt 0:02:09]} exd3 {[%emt 0:00:07]} 53. Kf1 {[%emt 0:00:11]} d2 {[%emt 0:01:07]} 54. Bc2 {[%emt 0:00:21]} Nd4 {[%emt 0:02:11]} 55. Bd1 {[%emt 0:00:09]} Ne4 {[%emt 0:00:28]} 56. Bb6 {[%emt 0:04:07]} Nc6 {[%emt 0:01:13]} 57. Ke2 {[%emt 0:02:13]} Ne5 {[%emt 0:00:07]} 58. Bb3 {[%emt 0:00:42]} Nf3 {[%emt 0:00:52]} 59. Kd3 {[%emt 0:02:25]} Nf6 {[%emt 0:00:53]} 60. a5 {[%emt 0:00:37]} Nd7 {[%emt 0:00:01]} 61. c5+ {[%emt 0:00:38]} Kf8 {[%emt 0:00:39]} 62. a6 {[%emt 0:00:19]} Nde5+ {[%emt 0:00:12]} 63. Ke4 {[%emt 0:00:39]} Nc6 {[%emt 0:01:02]} 64. a7 {[%emt 0:00:10]} Nxa7 {[%emt 0:00:26]} 65. Bxa7 {[%emt 0:00:07]} Ke7 {[%emt 0:00:12]} 66. Kd5 {[%emt 0:00:08]} Kd7 {[%emt 0:00:20]} 67. c6+ {[%emt 0:00:11]} Kc7 {[%emt 0:00:13]} 68. Bc5 {[%emt 0:00:07]} Nh4 {[%emt 0:00:48]} 69. Bd6+ {[%emt 0:00:06]} Kc8 {[%emt 0:00:12]} 70. Kc5 {[%emt 0:00:04]} 1-0